A Brief History of Modern India / (Record no. 549)

000 -LEADER
fixed length control field 00732nam a2200265 a 4500
008 - FIXED-LENGTH DATA ELEMENTS--GENERAL INFORMATION
fixed length control field 190917s2018 ii ||||g |||| 000 0 eng d
020 ## - INTERNATIONAL STANDARD BOOK NUMBER
International Standard Book Number 9788179306888
Terms of availability Rs. 269.10
040 ## - CATALOGING SOURCE
Original cataloging agency IMU Kochi Library
Language of cataloging eng
041 0# - LANGUAGE CODE
Language code of text/sound track or separate title eng
044 ## - COUNTRY OF PUBLISHING/PRODUCING ENTITY CODE
MARC country code India
082 04 - DEWEY DECIMAL CLASSIFICATION NUMBER
Edition number 23
Classification number 954
Item number Ah44
100 1# - MAIN ENTRY--PERSONAL NAME
Personal name Ahir, Rajiv
245 00 - TITLE STATEMENT
Title A Brief History of Modern India /
250 ## - EDITION STATEMENT
Edition statement 24th ed.
260 ## - PUBLICATION, DISTRIBUTION, ETC. (IMPRINT)
Place of publication, distribution, etc New Delhi :
Name of publisher, distributor, etc Spectrum Books (P) Ltd,
Date of publication, distribution, etc 1995
300 ## - PHYSICAL DESCRIPTION
Extent xxxii, 847 p.
Dimensions 17.5 cm.
650 #0 - SUBJECT ADDED ENTRY--TOPICAL TERM
Topical term or geographic name as entry element Nationalism
General subdivision History
700 1# - ADDED ENTRY--PERSONAL NAME
Personal name Vidya, R.
Relator term Contributor
700 1# - ADDED ENTRY--PERSONAL NAME
Personal name Madan, Sabina
Relator term Contributor
700 1# - ADDED ENTRY--PERSONAL NAME
Personal name Saxena, Sashi Kumar
Relator term Contributor
700 1# - ADDED ENTRY--PERSONAL NAME
Personal name Rajaram, Kalpana
Relator term Editor
852 ## - LOCATION/CALL NUMBER
Location IMU Kochi Library
904 ## - LOCAL DATA ELEMENT D, LDD (RLIN)
CATALOGER Shine Joy
942 ## - ADDED ENTRY ELEMENTS (KOHA)
Item type Books
Holdings
Withdrawn status Lost status Source of classification or shelving scheme Damaged status Not for loan Collection code Permanent location Current location Shelving location Date acquired Source of acquisition Cost, normal purchase price Total Checkouts Full call number Barcode Date last seen Date last borrowed Koha item type Public note
          Non-fiction IMU Kochi Library IMU Kochi Library Fiction & General 2019-08-14 Apex Book Services ( Inv. No. IN4073 Dt 2019-07-17) 3827.30 3 954 Ah44 BK005797 2022-04-21 2022-04-21 Books Shelf-19, Row-4


Copyright © All Rights Reserved by Indian Maritime University, Kochi Campus.
For any Suggestions/Query Contact to library or Email: library.kochi@imu.ac.in Ph:(0484)-2989402
(Web OPAC Designed by Rudra Ranjan. Maintained by IMU Kochi Library)

Powered by Koha